000 00298nam a22001217a 4500
008 260423b |||||||| |||| 00| 0 eng d
082 _a001280
100 _aDas, Bholanath
245 _aPratishakya- Panini
260 _aDelhi
_bNew Bharatiya Book Corporation
_c2021
300 _a254p
942 _2ddc
999 _c1282
_d1282